<?xml version="1.0" encoding="UTF-8"?><?xml-stylesheet type="text/xsl" href="static/style.xsl"?><OAI-PMH xmlns="http://www.openarchives.org/OAI/2.0/" xmlns:xsi="http://www.w3.org/2001/XMLSchema-instance" xsi:schemaLocation="http://www.openarchives.org/OAI/2.0/ http://www.openarchives.org/OAI/2.0/OAI-PMH.xsd"><responseDate>2026-04-19T06:31:25Z</responseDate><request verb="GetRecord" identifier="oai:riubu.ubu.es:10259/9171" metadataPrefix="marc">https://riubu.ubu.es/oai/request</request><GetRecord><record><header><identifier>oai:riubu.ubu.es:10259/9171</identifier><datestamp>2025-11-28T08:41:47Z</datestamp><setSpec>com_10259_4402</setSpec><setSpec>com_10259_5086</setSpec><setSpec>com_10259_2604</setSpec><setSpec>col_10259_9377</setSpec></header><metadata><record xmlns="http://www.loc.gov/MARC21/slim" xmlns:doc="http://www.lyncode.com/xoai" xmlns:xsi="http://www.w3.org/2001/XMLSchema-instance" xmlns:dcterms="http://purl.org/dc/terms/" xsi:schemaLocation="http://www.loc.gov/MARC21/slim http://www.loc.gov/standards/marcxml/schema/MARC21slim.xsd">
<leader>00925njm 22002777a 4500</leader>
<datafield tag="042" ind1=" " ind2=" ">
<subfield code="a">dc</subfield>
</datafield>
<datafield tag="720" ind1=" " ind2=" ">
<subfield code="a">Pérez Sevilla, Malena</subfield>
<subfield code="e">author</subfield>
</datafield>
<datafield tag="720" ind1=" " ind2=" ">
<subfield code="a">Rivas Navazo, Fernando</subfield>
<subfield code="e">author</subfield>
</datafield>
<datafield tag="720" ind1=" " ind2=" ">
<subfield code="a">Sánchez Ortega, Pedro L.</subfield>
<subfield code="e">author</subfield>
</datafield>
<datafield tag="260" ind1=" " ind2=" ">
<subfield code="c">2024</subfield>
</datafield>
<datafield tag="520" ind1=" " ind2=" ">
<subfield code="a">La impresión en resina se destaca como una de las técnicas más sofisticadas en el ámbito de la&#xd;
impresión 3D, gracias a su excepcional capacidad para fabricar objetos con un nivel de detalle y&#xd;
acabado superficial sin precedentes. Mediante la tecnología de fotopolimerización, este método&#xd;
facilita la creación de piezas tridimensionales capa por capa, empleando resina líquida fotosensible&#xd;
que se solidifica bajo la exposición a la luz ultravioleta (UV). Esta técnica se ha consolidado como una&#xd;
herramienta esencial en sectores como la joyería, la odontología, el modelismo y el prototipado de&#xd;
diseño, ofreciendo una solución única para la producción de objetos complejos con alta precisión.</subfield>
</datafield>
<datafield tag="024" ind2=" " ind1="8">
<subfield code="a">http://hdl.handle.net/10259/9171</subfield>
</datafield>
<datafield tag="245" ind1="0" ind2="0">
<subfield code="a">Manual de Impresión 3D Resina</subfield>
</datafield>
</record></metadata></record></GetRecord></OAI-PMH>